Dzielnice Zabrza z mapą - Statystyki

Ogólne statystyki
  • Ten quiz został rozwiązany 508 razy
  • Średni wynik to 11 z 18
Odpowiedzi na mapie
Odpowiedzi zakodowano w zielono-czerwonej skali na mapie do tego quizu, zgodnie z poniższymi procentami.
 
Statystyki odpowiedzi
Dzielnica % Poprawnych
Centrum Północ
92%
Centrum Południe
92%
Zaborze Północ
75%
Zaborze Południe
75%
Helenka
71%
Rokitnica
69%
Mikulczyce
68%
Makoszowy
64%
Biskupice
63%
Maciejów
62%
Pawłów
58%
Guido
57%
Kończyce
53%
Grzybowice
52%
Osiedle Mikołaja Kopernika
44%
Osiedle Młodego Górnika
43%
Zandka
41%
Osiedle Tadeusza Kotarbińskiego
32%
Nie znaleziono quizów pasujących do podanych kryteriów
Rozkład punktacji
Procent ludzi z każdym wynikiem
Percentyl według liczby udzielonych odpowiedzi
Twoja historia wyników
Nie rozwiązałeś tego quizu